De dana dan / (Record no. 55656)

MARC details
000 -LEADER
fixed length control field 03732cgm a22005537a 4500
001 - CONTROL NUMBER
control field DVD-007585-593
005 - DATE AND TIME OF LATEST TRANSACTION
control field 20110819104232.0
006 - FIXED-LENGTH DATA ELEMENTS--ADDITIONAL MATERIAL CHARACTERISTICS--GENERAL INFORMATION
fixed length control field a|||||s|||||00| 1
007 - PHYSICAL DESCRIPTION FIXED FIELD--GENERAL INFORMATION
fixed length control field vd cvaizu
008 - FIXED-LENGTH DATA ELEMENTS--GENERAL INFORMATION
fixed length control field 100929s2010 ii 167 g 00| 0 hin
010 ## - LIBRARY OF CONGRESS CONTROL NUMBER
LC control number DVD-007585-593
024 ## - OTHER STANDARD IDENTIFIER
Standard number or code 2897015789
Terms of availability 199.00
035 ## - SYSTEM CONTROL NUMBER
System control number DVD-0075835-593
040 ## - CATALOGING SOURCE
Original cataloging agency DPL
082 ## - DEWEY DECIMAL CLASSIFICATION NUMBER
Classification number DVD DEDA
245 00 - TITLE STATEMENT
Title De dana dan /
Statement of responsibility, etc a Venus Records & Tapes Pvt. Ltd. film ; producer, Ganesh Jain, Girish Jain ; screenplay and direction, Priyadarshan.
246 1# - VARYING FORM OF TITLE
Display text Title appears on title screen as:
Title proper/short title Ratan Jain's De dana dan
257 ## - COUNTRY OF PRODUCING ENTITY FOR ARCHIVAL FILMS
Country of producing entity India.
260 ## - PUBLICATION, DISTRIBUTION, ETC. (IMPRINT)
Place of publication, distribution, etc Mumbai :
Name of publisher, distributor, etc Eros International Media,
Date of publication, distribution, etc c2010.
300 ## - PHYSICAL DESCRIPTION
Extent 1 videodisc of 1 (DVD) (ca. 167 min.) :
Other physical details sd., col. ;
Dimensions 4 3/4 in.
Materials specified viewing copy.
306 ## - PLAYING TIME
Playing time ca. 167 min
500 ## - GENERAL NOTE
General note Copyright notice on container: Eros International Media Ltd.
500 ## - GENERAL NOTE
General note Originally released theatrically in 2009.
500 ## - GENERAL NOTE
General note Summary taken from container.
508 ## - CREATION/PRODUCTION CREDITS NOTE
Creation/production credits note Story, Suresh Krisshnan; lyrics, Sayyid Quadri ... et al. ; music director, Pritam.
511 1# - PARTICIPANT OR PERFORMER NOTE
Participant or performer note Akshay Kumar, Suneil Shetty, Katrina Kaif, Sameera Reddy.
520 ## - SUMMARY, ETC.
Summary, etc Nitin and Ram are best friends and are lucky in love, otherwise their life is strife. Both have rich girlfriends, Anjali and Manpreet, and they demand their boyfriends to earn enough money so they can elope or break-up forever. Broke and desperate, Nitin and Ram decide to raise money by kidnapping an employer's dog and collect ransom, but the plans go comically awry.
538 ## - SYSTEM DETAILS NOTE
System details note NTSC, Anamorphic widescreen, format dual layer, english subtitle
546 ## - LANGUAGE NOTE
Language note In Hindi with English subtitles.
650 #0 - SUBJECT ADDED ENTRY--TOPICAL TERM
Topical term or geographic name as entry element Pet theft
Form subdivision Drama.
9 (RLIN) 33133
650 #0 - SUBJECT ADDED ENTRY--TOPICAL TERM
Topical term or geographic name as entry element Motion picture
9 (RLIN) 33134
650 #0 - SUBJECT ADDED ENTRY--TOPICAL TERM
Topical term or geographic name as entry element Ransom
Form subdivision Drama.
9 (RLIN) 33135
700 0# - ADDED ENTRY--PERSONAL NAME
Personal name Priyadarshan,
Relator term direction,
-- writting.
9 (RLIN) 33136
700 1# - ADDED ENTRY--PERSONAL NAME
Personal name Jain, Ganesh,
Relator term production.
9 (RLIN) 33137
700 0# - ADDED ENTRY--PERSONAL NAME
Personal name Pritam,
Relator term music.
9 (RLIN) 33138
710 2# - ADDED ENTRY--CORPORATE NAME
Corporate name or jurisdiction name as entry element Eros International (Firm)
9 (RLIN) 33139
942 ## - ADDED ENTRY ELEMENTS (KOHA)
Source of classification or shelving scheme Dewey Decimal Classification
Item type CD-ROMs, DVDs, VHS
Classification part DVD
Call number suffix DEDA
Holdings
Withdrawn status Lost status Source of classification or shelving scheme Damaged status Not for loan Collection code Home library Current library Date acquired Source of acquisition Cost, normal purchase price Total Checkouts Total Renewals Full call number Barcode Date last seen Date last borrowed Copy number Cost, replacement price Price effective from Koha item type
    Dewey Decimal Classification     Fiction Central Library Central Library 19/08/2011 pioneer/1226/28.3.11 199.00 9 1 DVD DEDA DVD-007585 15/05/2014 25/04/2014 1 199.00 19/08/2011 CD-ROMs, DVDs, VHS
    Dewey Decimal Classification     Fiction Janak Puri Janak Puri 19/08/2011 pioneer/1226/28.3.11 199.00 1   DVD DEDA DVD-007587 17/11/2012 10/11/2012 1 199.00 19/08/2011 CD-ROMs, DVDs, VHS
    Dewey Decimal Classification     Fiction Karol Bagh Karol Bagh 19/08/2011 pioneer/1226/28.3.11 199.00 1   DVD DEDA DVD-007591 04/04/2013 22/03/2013 1 199.00 19/08/2011 CD-ROMs, DVDs, VHS
    Dewey Decimal Classification     Fiction Narela Narela 19/08/2011 pioneer/1226/28.3.11 199.00 3   DVD DEDA DVD-007592 03/07/2015 31/07/2014 1 199.00 19/08/2011 CD-ROMs, DVDs, VHS
    Dewey Decimal Classification     Fiction Patel Nagar Patel Nagar 19/08/2011 pioneer/1226/28.3.11 199.00 3   DVD DEDA DVD-007586 23/03/2014 11/03/2014 1 199.00 19/08/2011 CD-ROMs, DVDs, VHS
    Dewey Decimal Classification     Fiction R.K.Puram-8 R.K.Puram-8 19/08/2011 pioneer/1226/28.3.11 199.00 5   DVD DEDA DVD-007589 04/05/2016 03/05/2016 1 199.00 19/08/2011 CD-ROMs, DVDs, VHS
    Dewey Decimal Classification     Fiction Sarojini Nagar Sarojini Nagar 19/08/2011 pioneer/1226/28.3.11 199.00 11   DVD DEDA DVD-007588 16/08/2013 13/08/2013 1 199.00 19/08/2011 CD-ROMs, DVDs, VHS
    Dewey Decimal Classification     Fiction Shahdara Branch Shahdara Branch 19/08/2011 pioneer/1226/28.3.11 199.00     DVD DEDA DVD-007593 19/08/2011   1 199.00 19/08/2011 CD-ROMs, DVDs, VHS
    Dewey Decimal Classification     Fiction Vinoba Puri Vinoba Puri 19/08/2011 pioneer/1226/28.3.11 199.00 1   DVD DEDA DVD-007590 08/10/2012 20/09/2012 1 199.00 19/08/2011 CD-ROMs, DVDs, VHS

© Delhi Public Library
Hit Counter
free hit counter